Catalog

Record Details

Catalog Search



Slon  Cover Image Book Book

Slon / Petr Horáček

Record details

  • ISBN: 978-80-262-1804-3
  • Physical Description: 32 nečíslovaných stran : barevné ilustrace ; 27 cm
  • Edition: Vydání první
  • Publisher: Praha : Portál, 2021

Content descriptions

General Note:
Ilustrace Petr Horáček
Genre: anglicky psané příběhy
autorské knihy
publikace pro děti

Available copies

  • 1 of 1 copy available at Common Catalog SPOK.

Holds

  • 0 current holds with 1 total copy.
Show Only Available Copies
Location Call Number / Copy Notes Barcode Shelving Location Status Due Date
Jabok Library BL-4.1/H 424480044356 Beletrie Available -

LDR 01945nam a2200577 i 4500
00149797
003CZ-PrJAB
00520211210095511.0
008211116s2021 xr ||| | cze
015 . ‡acnb003325517
020 . ‡a978-80-262-1804-3 ‡q(vázáno)
035 . ‡a(CZ PrSKC)016020003794855
040 . ‡aULG001 ‡bcze ‡erda
0411 . ‡acze ‡heng
072 7. ‡a821.111-3 ‡xAnglická próza, anglicky psaná ‡2Konspekt ‡925
072 7. ‡a821-93 ‡xLiteratura pro děti a mládež (beletrie) ‡2Konspekt ‡926
080 . ‡a821.111-32 ‡2MRF
080 . ‡a821-93 ‡2MRF
080 . ‡a(0.027.6)74/77 ‡2MRF
1001 . ‡aHoráček, Petr, ‡d1967- ‡7xx0151165 ‡4aut
24010. ‡aElephant. ‡lČesky
24510. ‡aSlon / ‡cPetr Horáček
250 . ‡aVydání první
264 1. ‡aPraha : ‡bPortál, ‡c2021
300 . ‡a32 nečíslovaných stran : ‡bbarevné ilustrace ; ‡c27 cm
336 . ‡atext ‡btxt ‡2rdacontent
336 . ‡astatický obraz ‡bsti ‡2rdacontent
337 . ‡abez média ‡bn ‡2rdamedia
338 . ‡asvazek ‡bnc ‡2rdacarrier
500 . ‡aIlustrace Petr Horáček
655 7. ‡aanglicky psané příběhy ‡7fd183173 ‡2czenas
655 7. ‡aautorské knihy ‡7fd756049 ‡2czenas
655 7. ‡apublikace pro děti ‡7fd133156 ‡2czenas
910 . ‡aABG312
995 . ‡aska
901 . ‡a49797 ‡bAUTOGEN ‡c49797 ‡tbiblio

Additional Resources